| 000 | 02424nam a2200385 a 4500 | ||
|---|---|---|---|
| 005 | 20090806142124.0 | ||
| 008 | 080214s2008 nyua b 001 0 eng | ||
| 010 | _aENG-94652 | ||
| 020 |
_a9780198060475 _c695.00 |
||
| 020 |
_a0198060475 _c695.00 |
||
| 035 | _aEN-78185 | ||
| 035 | _aB-361776-780 | ||
| 037 | _bDBAD / PUB | ||
| 037 | _bUppal Book Store | ||
| 040 |
_adpl _bEnglish |
||
| 082 | _a781.542095441 | ||
| 100 | _aBooth, Gregory D. | ||
| 245 |
_aBehind the curtain : _bmaking music in Mumbai's film studios / _cby Gregory D. Booth |
||
| 260 |
_aNew Delhi _bOxford University Press _c2008 |
||
| 270 |
_aYMCA Library Building, Jai Singh Road, _bNew Delhi _e110001 |
||
| 300 |
_aviii, 321 p. : _bill. ; _c24cm(Hb) |
||
| 500 | _aIncludes bibliographical references and index | ||
| 650 |
_aMotion picture music _xProduction and direction _zIndia _zBombay _xHistory. |
||
| 650 |
_aMotion picture music _zIndia _zBombay _xHistory and criticism. |
||
| 650 |
_aMotion picture industry _zIndia _zBombay _xHistory. |
||
| 906 | _a7 | ||
| 942 |
_2ddc _cEN _h781.542095441 _mBOO |
||
| 999 |
_c28972 _d28972 |
||